000
00222 a2200097 4500
001
48707
100
_a
Macko, Stanley, J
245
_a
Satellite tracking
260
_a
New York
_b
John F rider pub
_c
090
_c
31620
_d
31620
942
_a
NUST-CAE
_c
M
_c
24026
999
_c
283780
_d
283780